Movies Quiz

Random Movies Quiz

Movies' Big Six Quiz Stats

Quiz not verified by Sporcle

Challenge
Share
Tweet
Embed
Score 0/6 Timer 03:00
0 Plays Today
Major Franchises of 2000s Studio % Correct
Every Pixar movie after 2006; 'Jonas Brothers: The 3D Concert Experience'; the Pirates of the Caribbean films; a variety of inspirational sports flicks; 'The Royal Tenenbaums' Walt Disney Pictures/Touchstone Pictures
87.8%
The Harry Potter films; the Batman reboot; Ocean's 11/12/13; Battlefield Earth; CatwomanWarner Bros. Pictures
77.8%
The X-Men films; the Ice Age Films; the latter two Star Wars prequels; the Alien vs. Predator series; Daredevil20th Century Fox
68.2%
The Transformers films; the Mission: Impossible films; the latest Indiana Jones movie; distribution rights for Iron Man; all Nickelodeon films ('Rugrats Go Wild'!)Paramount Pictures
67.9%
The Fast and the Furious films; The Jason Bourne films; both Hulk movies; 'Cirque du Freak: The Vampire's Assistant'Universal Studios
64.8%
Distribution rights to (both) Spiderman series; the Dan Brown movies; the upcoming Karate Kid (series of) film(s)Columbia Pictures
46%

You're not logged in!

Compare scores with friends on all Sporcle quizzes.
Sign Up with Email
OR
Log In

You Might Also Like...

Show Comments

Extras

Top Quizzes Today


Score Distribution

Your Account Isn't Verified!

In order to create a playlist on Sporcle, you need to verify the email address you used during registration. Go to your Sporcle Settings to finish the process.